Estudio cronológico de la guerra de independencia de la antigua Colombia (Registro nro. 309564)
[ vista simple ]
| 000 -ENCABEZADO | |
|---|---|
| Número de control [NR] | 01819nam a22002417a 4500 |
| 005 - FECHA Y HORA DE LA ÚLTIMA TRANSACCIÓN | |
| control field | 20180312091825.0 |
| 008 - DE LONGITUD FIJA DE DATOS DE ELEMENTOS - INFORMACIÓN GENERAL | |
| Elementos de longitud fija [NR] | 180312s1879 fr ||||fr|||| 001 0 spa d |
| 040 ## - FUENTE DE CATALOGACION [NR] | |
| Quien Cataloga | Sandra Yazo |
| Quien Clasifica | Sandra Yazo |
| 041 0# - CODIGO DE IDIOMA [R] | |
| Código de idioma para texto/pista de sonido o título separado [R] | Español |
| 082 04 - NUMERO DE CLASIFICACION DECIMAL DEWEY [R] | |
| Número de la edición [NR] | 20 |
| 092 ## - SIGNATURA TOPOGRAFICA LOCAL | |
| Número de clasificación local | E44N021 |
| 100 1# - ASIENTO PRINCIPAL--NOMBRE PERSONAL [NR] | |
| Nombre personal [NR] | González Chávez, Nicolás |
| ID Autoridad | 91714 |
| 245 10 - MENCION DE TITULO [NR] | |
| Título [NR] | Estudio cronológico de la guerra de independencia de la antigua Colombia |
| Parte restante del título [NR] | Primera parte: Hechos militares |
| Mención de responsabilidad, etc. [NR] | por Nicolás Gonzalez Chávez |
| 260 ## - PUBLICACION, DISTRIBUCION, ETC. (PIE DE IMPRENTA) [R] | |
| Lugar de publicación, distribución, etc. [R] | París (Francia) |
| Nombre del editor, distribuidor, etc. [R] | Imprenta General de A. Lahure |
| Fecha de publicación, distribución, etc. [R] | 1879 |
| 300 ## - DESCRIPCION FISICA [R] | |
| Extensión [R] | xv, 612 páginas |
| Dimensiones [R] | 24 x 16 cm. |
| 500 ## - NOTA GENERAL [R] | |
| Nota general [NR] | Detalles físicos: Encuadernación rígida (holandesa) en cartón forrado en papel jaspeado. Lomo en cuero rojo, con nervaduras sobre costuras adornos en dorado y repujadas. Guardas. Anteportada. Hoja de papel especial con el retrato del autor, firmado. Portada impresa en una sola tinta, con diversos tipos de letra. Texto impreso en una sola columna, con diferentes tipos de letra. Notas de pie de página. Índices. Tapas con deterioro por cintas pegantes, raspaduras y papel manchado |
| 505 0# - NOTA DE CONTENIDO CON FORMATO PREESTABLECIDO [R] | |
| Nota de contenido con formato preestablecido [NR] | Revista del año 1810 ; Revista del año 1811 ; Notas descriptivas de los años 1810 y 1811 ; Revista, Notas descriptivas y Hechos notables del año 1812 ; Revista, Notas descriptivas del año 1813 ; Revista, Notas descriptivas y Hechos notables de 1813 y 1814 ; Revista, Notas descriptivas y Hechos notables del año 1815 ; Revista, Notas descriptivas del año 1816 ; Revista, Notas descriptivas y Hechos notables del año 1817 ; Revista, Notas descriptivas y Hechos notables del año 1818 |
| 506 ## - NOTA DE RESTRICCIONES DE ACCESO [R] | |
| Condiciones de acceso [NR] | Consulta en sala |
| 650 #7 - ASIENTO SECUNDARIO DE MATERIA - TERMINO TEMATICO [R] | |
| 9 (RLIN) | 7673 |
| Término temático o nombre geográfico como elemento de entrada [NR] | Guerra de Independencia 1810-1819 |
| Subdivisión general [R] | Cronología |
| 651 04 - ASIENTO SECUNDARIO DE MATERIA - NOMBRE GEOGRAFICO [R] | |
| Fuente del encabezamiento o término [NR] | Colombia |
| Subdivisión general [R] | Historia |
| 9 (RLIN) | 91715 |
| 690 ## - ASUNTO AGREGADO LOCAL DE ENTRADA - TÉRMINO TEMÁTICO (OCLC, RLIN) | |
| Acceso temático local | Historia de Colombia |
| 9 (RLIN) | 26508 |
| 942 ## - ELEMENTOS DE ENTRADA AGREGADOS (KOHA) | |
| Sistema de clasificación | LOCAL |
| Tipo de ítem principal el descrito en 300a | Libro |
| Edición | 1 |
| Clasificación | E44N021 |
| Suprimido | Perdido | Sistema de clasificación | Dañado | No prestable | Tipo de ítem específico | Ubicación habitual | Ubicación actual | Localización | Fecha de creación | Forma de adquisición | Costo | Volúmen / Fascículo | Total préstamos | Signatura topográfica | Código de barras | Última vez visto | Ejemplar | Price effective from | Tipo de ítem |
|---|---|---|---|---|---|---|---|---|---|---|---|---|---|---|---|---|---|---|---|
| LOCAL | Libro archivo | Archivo Histórico | Archivo Histórico | Archivo histórico | 12/03/2018 | Donación | 0.00 | V.1 | E45N021 | L006452 | 12/03/2018 | Ej.1 | 12/03/2018 | Libro |